[Event "Fortaleza Schoonenborch U1900 4th"]
[Site "Fortaleza"]
[Date "2017.02.12"]
[Round "6.6"]
[White "Gondim, Ibrahim Mendelssohn"]
[Black "Santos, Inacio Eduardo Andr"]
[Result "1-0"]
[WhiteElo "1797"]
[BlackElo "1759"]
[PlyCount "61"]
[EventDate "2017.02.09"]
[EventType "swiss"]
[EventRounds "6"]
[EventCountry "BRA"]
[SourceTitle "EXT 2022"]
[Source "ChessBase"]
[SourceDate "2021.10.06"]
[SourceVersion "1"]
[SourceVersionDate "2021.10.06"]
[SourceQuality "1"]

1. d4 g6 2. f4 Bg7 3. Nf3 e6 4. c3 Nc6 5. Nbd2 Nf6 6. e4 0-0 7. Be2 d5 8. e5 Ng4 9. Nb3 b6 10. 0-0 f6 11. exf6 Nxf6 12. Ne5 Bb7 13. Nd2 Ne7 14. Qe1 Rc8 15. Ng4 Nf5 16. Nxf6+ Rxf6 17. Nf3 Qd6 18. g4 Ne7 19. Ne5 c5 20. Be3 Rcf8 21. g5 Rf5 22. Bd3 cxd4 23. cxd4 a5 24. Bxf5 Nxf5 25. Rc1 Ba6 26. Rf3 Rb8 27. Bf2 a4 28. Rfc3 Bc4 29. Nxc4 dxc4 30. Rxc4 Qxf4 31. Qxe6+ 1-0

[Event "Fortaleza Inelsa op"]
[Site "Fortaleza"]
[Date "2015.09.29"]
[Round "3"]
[White "Lima Neto, Pedro"]
[Black "Gondim, Ibrahim Mendelssohn"]
[Result "1-0"]
[WhiteElo "2093"]
[BlackElo "1783"]
[PlyCount "87"]
[EventDate "2015.09.26"]
[EventType "swiss"]
[EventRounds "7"]
[EventCountry "BRA"]
[SourceTitle "EXT 2017"]
[Source "ChessBase"]
[SourceDate "2016.10.25"]
[SourceVersion "1"]
[SourceVersionDate "2016.10.25"]
[SourceQuality "1"]

1. e4 e6 2. d4 d5 3. Nc3 dxe4 4. Nxe4 Nd7 5. Nf3 Ngf6 6. Nxf6+ Nxf6 7. c3 c5 8. Ne5 cxd4 9. Bb5+ Bd7 10. Nxd7 Nxd7 11. Qxd4 a6 12. Be2 Nf6 13. Be3 Nd5 14. Rd1 Qc7 15. Bg5 h6 16. Bh4 Qf4 17. Qxf4 Nxf4 18. Bf3 g5 19. Bg3 Rb8 20. 0-0 Bg7 21. Rd2 0-0 22. Rfd1 Bf6 23. Rd7 Rfd8 24. Rxd8+ Rxd8 25. Rxd8+ Bxd8 26. Bxf4 gxf4 27. Bxb7 a5 28. b4 axb4 29. cxb4 Kf8 30. Kf1 Ke7 31. Ke2 f5 32. f3 Kd6 33. Bc8 Kd5 34. Kd3 Bb6 35. a4 Bc7 36. a5 Bd8 37. Bb7+ Kd6 38. Kc4 Kc7 39. Ba8 Kb8 40. Bc6 Kc7 41. Be8 Be7 42. b5 Bf6 43. b6+ Kd8 44. a6 1-0

[Event "Fortaleza Pompeu de Sousa Memoria"]
[Site "Fortaleza"]
[Date "2015.03.29"]
[Round "5.7"]
[White "Gondim, Ibrahim Mendelssohn"]
[Black "Pinheiro, Jose Welliton"]
[Result "1/2-1/2"]
[WhiteElo "1828"]
[BlackElo "1758"]
[PlyCount "71"]
[EventDate "2015.03.27"]
[EventType "swiss"]
[EventRounds "5"]
[EventCountry "BRA"]
[SourceTitle "EXT 2022"]
[Source "ChessBase"]
[SourceDate "2021.10.06"]
[SourceVersion "1"]
[SourceVersionDate "2021.10.06"]
[SourceQuality "1"]

1. d4 d5 2. e3 Nf6 3. Bd3 c5 4. c3 Nc6 5. f4 cxd4 6. exd4 Bg4 7. Nf3 Ne4 8. 0-0 f5 9. Qe1 e6 10. Ne5 Nxe5 11. fxe5 a6 12. Nd2 Be7 13. Be2 Bxe2 14. Qxe2 0-0 15. Nxe4 fxe4 16. Be3 b5 17. a3 Rxf1+ 18. Rxf1 Bg5 19. Qd2 Bxe3+ 20. Qxe3 Qe7 21. Qg3 a5 22. Ra1 Rf8 23. Rf1 Rxf1+ 24. Kxf1 b4 25. axb4 axb4 26. Qe3 Qc7 27. cxb4 Qc4+ 28. Kf2 Qxb4 29. Qc3 Qxc3 30. bxc3 Kf7 31. Ke3 Ke7 32. c4 dxc4 33. Kxe4 Kd7 34. Ke3 Kc6 35. Kd2 Kb6 36. Kc2 1/2-1/2

[Event "Farias Brito Cearense-ch 55th"]
[Site "Farias Brito"]
[Date "2013.12.15"]
[Round "5"]
[White "Monte, Edmar Ferreira"]
[Black "Gondim, Ibrahim Mendelssohn"]
[Result "0-1"]
[WhiteElo "1700"]
[BlackElo "1834"]
[PlyCount "74"]
[EventDate "2013.12.12"]
[EventType "swiss"]
[EventRounds "6"]
[EventCountry "BRA"]
[SourceTitle "CBM 158 Extra"]
[Source "ChessBase"]
[SourceDate "2014.02.28"]
[SourceVersion "1"]
[SourceVersionDate "2014.02.28"]
[SourceQuality "1"]

1. c4 e6 2. Nf3 d5 3. d4 Nf6 4. g3 c6 5. cxd5 exd5 6. Bg2 Bd6 7. 0-0 0-0 8. Nc3 Re8 9. Re1 h6 10. Qc2 Nbd7 11. Nh4 Nf8 12. Nf5 Bxf5 13. Qxf5 Qd7 14. Qf3 Ne4 15. Qh5 Nf6 16. Qf3 Ne6 17. Qd3 Ng5 18. Bxg5 hxg5 19. h3 Re7 20. Qd2 Qf5 21. e3 Ne4 22. Nxe4 dxe4 23. Red1 Qd5 24. g4 g6 25. Qe2 f5 26. gxf5 gxf5 27. Qh5 f4 28. exf4 gxf4 29. Qxd5+ cxd5 30. Kh1 Rc8 31. Rg1 Kf8 32. Rac1 Rec7 33. Rxc7 Rxc7 34. f3 e3 35. Bf1 Rc2 36. Bd3 Rd2 37. Bf5 e2 0-1